| 000 | 02029cam a2200373 i 4500 | ||
|---|---|---|---|
| 999 |
_c41496 _d41496 |
||
| 001 | 20449298 | ||
| 003 | OSt | ||
| 005 | 20220725092442.0 | ||
| 008 | 180413s2019 nyua b 001 0 eng | ||
| 010 | _a 2018018043 | ||
| 020 | _a9789355320131 | ||
| 020 |
_a9781260397116 _q(hard cover ; _qalk. paper) |
||
| 020 |
_a1260397114 _q(hard cover ; _qalk. paper) |
||
| 040 |
_aDLC _beng _cDLC _erda _dDLC |
||
| 042 | _apcc | ||
| 050 | 0 | 0 |
_aHM1033 _b.M944 2019 |
| 082 | 0 | 0 |
_a302 _bMYE/S |
| 100 | 1 |
_aMyers, David G. _eauthor. _99067 |
|
| 245 | 1 | 0 |
_aSocial psychology / _cDavid G. Myers, Hope College, Jean M. Twenge, San Diego State University. |
| 250 | _aThirteenth Edition. | ||
| 264 | 1 |
_aNew York, NY : _bMcGraw-Hill Education, _c[2019] |
|
| 300 |
_axxiv, 503 pages : _bcolor illustrations ; _c28 cm |
||
| 336 |
_atext _btxt _2rdacontent |
||
| 337 |
_aunmediated _bn _2rdamedia |
||
| 338 |
_avolume _bnc _2rdacarrier |
||
| 500 | _aRevised edition of the authors' Social psychology, [2016] | ||
| 504 | _aIncludes bibliographical references and index. | ||
| 505 | 0 | _aIntroducing social psychology -- Social thinking -- The self in a social world -- Social beliefs and judgments -- Behavior and attitudes -- Social influence -- Genes, culture, and gender -- Conformity and obedience -- Persuasion -- Group influence -- Social relations -- Prejudice: disliking others -- Aggression: hurting others -- Attraction and intimacy: liking and loving others -- Helping -- Conflict and peacemaking -- Applying social psychology -- Social psychology in the clinic -- Social psychology in court -- Social psychology and the sustainable future -- Epilogue -- References R-1 -- Name index Ni-1 -- Subject index/glossary Si-. | |
| 650 | 0 | _aSocial psychology. | |
| 700 | 1 |
_aTwenge, Jean M., _d1971- _eauthor. _99068 |
|
| 906 |
_a7 _bcbc _corignew _d1 _eecip _f20 _gy-gencatlg |
||
| 942 |
_2ddc _cBK _h302 _iMYE/S _k302 _mMYE/S |
||